00456nam a2200169Ia 450000500170000000800410001702000180005804100120007608200190008810000190010724500590012625000080018526000400019350000080023365000240024170000210026520240823060011.0240823s9999||||xx |||||||||||||| ||und|| a81-7520-143-6 aENGLISH A013.3750954 Q7 aYoud Vir Singh 0aBibliography of Doctoral Dissertations Humanities 2016 a1st c2017bAssociation of Indian Univers aYES aHumanitiesbGeneral aRama Devi Pani S